Girona en el canvi de mil·leni (Registre núm. 6885)
[ vista simple ]
| 000 -CABECERA | |
|---|---|
| Longitud fija campo de control | 00418nam a22001577a 4500 |
| 003 - IDENTIFICADOR DEL NÚMERO DE CONTROL | |
| Identificador del número de control | OSt |
| 005 - FECHA Y HORA DE LA ÚLTIMA TRANSACCIÓN | |
| Fecha y hora de la última transacción | 20150730122346.0 |
| 008 - CÓDIGOS DE INFORMACIÓN DE LONGITUD FIJA | |
| Códigos de información de longitud fija | 150730b20002009sp ||||| |||| 00| 0 c d |
| 020 ## - NÚMERO INTERNACIONAL NORMALIZADO PARA LIBROS | |
| Número Internacional Normalizado para Libros (ISBN) | 8489392226 |
| 040 ## - FUENTE DE LA CATALOGACIÓN | |
| Lengua de catalogación | cat |
| Centro transcriptor | CPC Girona |
| 245 ## - MENCIÓN DE TÍTULO | |
| Título | Girona en el canvi de mil·leni |
| Mención de responsabilidad, etc. | Riera, Josep; Dalmau, Antoni (coordinadors) |
| 250 ## - MENCIÓN DE EDICIÓN | |
| Mención de edición | El Punt |
| 260 ## - PUBLICACIÓN, DISTRIBUCIÓN, ETC. (PIE DE IMPRENTA) | |
| Lugar de publicación, distribución, etc. | Girona |
| Nombre del editor, distribuidor, etc. | El Punt |
| Fecha de publicación, distribución, etc. | 2000-2009 |
| 300 ## - DESCRIPCIÓN FÍSICA | |
| Dimensiones | 22,8cm |
| 942 ## - ENTRADA DE ELEMENTOS AGREGADOS (KOHA) | |
| Fuente de clasificaión o esquema | |
| Koha [por defecto] tipo de item | Monografies |
| Suprimido | Perdido | Estropeado | No para préstamo | Localización permanente | Localización actual | Fecha adquisición | Serie de enumeración / cronología | Préstamos totales | Signatura completa | Código de barras | Fecha última consulta | Fecha del precio de reemplazo | Tipo de item de Koha | Note pública |
|---|---|---|---|---|---|---|---|---|---|---|---|---|---|---|
| CPC Girona | CPC Girona | 2015-07-30 | Número 1 | Bg 1210 | GIRONA15070211 | 2015-07-30 | 2015-07-30 | Monografies | El canvi del paisatge urbà | |||||
| CPC Girona | CPC Girona | 2015-07-30 | Número 2 | Bg 1211 | GIRONA15070212 | 2015-07-30 | 2015-07-30 | Monografies | Les infraestructures | |||||
| CPC Girona | CPC Girona | 2015-07-30 | Número 3 | Bg 1212 | GIRONA15070213 | 2015-07-30 | 2015-07-30 | Monografies | Grans conflictes | |||||
| CPC Girona | CPC Girona | 2015-07-30 | Número 4 | Bg 1213 | GIRONA15070214 | 2015-07-30 | 2015-07-30 | Monografies | Agricultura, ramaderia i pesca | |||||
| CPC Girona | CPC Girona | 2015-07-30 | Número 5 | Bg 1214 | GIRONA15070215 | 2015-07-30 | 2015-07-30 | Monografies | Comerç i turisme | |||||
| CPC Girona | CPC Girona | 2015-07-30 | Número 6 | Bg 1215 | GIRONA15070216 | 2015-07-30 | 2015-07-30 | Monografies | Indústria, món laboral i finances | |||||
| CPC Girona | CPC Girona | 2015-07-30 | Número 7 | Bg 1216 | GIRONA15070217 | 2015-07-30 | 2015-07-30 | Monografies | Medi ambient | |||||
| CPC Girona | CPC Girona | 2015-07-30 | Número 8 | Bg 1217 | GIRONA15070218 | 2015-07-30 | 2015-07-30 | Monografies | Ensenyament | |||||
| CPC Girona | CPC Girona | 2015-07-30 | Número 9 | Bg 1218 | GIRONA15070219 | 2015-07-30 | 2015-07-30 | Monografies | Sanitat | |||||
| CPC Girona | CPC Girona | 2015-07-30 | Número 10 | Bg 1219 | GIRONA15070220 | 2015-07-30 | 2015-07-30 | Monografies | Política | |||||
| CPC Girona | CPC Girona | 2015-07-30 | Número 11 | Bg 1220 | GIRONA15070221 | 2015-07-30 | 2015-07-30 | Monografies | Música, literatura i artistes | |||||
| CPC Girona | CPC Girona | 2015-07-30 | Número 12 | Bg 1221 | GIRONA15070222 | 2015-07-30 | 2015-07-30 | Monografies | Teatre, cinema i mitjans de comunicació | |||||
| CPC Girona | CPC Girona | 2015-07-30 | Número 13 | Bg 1222 | GIRONA15070223 | 2015-07-30 | 2015-07-30 | Monografies | Patrimoni i museus | |||||
| CPC Girona | CPC Girona | 2015-07-30 | Número 14 | Bg 1223 | GIRONA15070224 | 2015-07-30 | 2015-07-30 | Monografies | Festes, fires i tradicions | |||||
| CPC Girona | CPC Girona | 2015-07-30 | Número 15 | Bg 1224 | GIRONA15070225 | 2015-07-30 | 2015-07-30 | Monografies | Esports | |||||
| CPC Girona | CPC Girona | 2015-07-30 | Número 16 | Bg 1225 | GIRONA15070226 | 2015-07-30 | 2015-07-30 | Monografies | Crims, policies i jutges | |||||
| CPC Girona | CPC Girona | 2015-07-30 | Número 17 | Bg 1226 | GIRONA15070227 | 2015-07-30 | 2015-07-30 | Monografies | Catàstrofes i accidents | |||||
| CPC Girona | CPC Girona | 2015-07-30 | Número 18 | Bg 1227 | GIRONA15070228 | 2015-07-30 | 2015-07-30 | Monografies | Societat | |||||
| CPC Girona | CPC Girona | 2015-07-30 | Número 19 | Bg 1228 | GIRONA15070229 | 2015-07-30 | 2015-07-30 | Monografies | Històries humanes | |||||
| CPC Girona | CPC Girona | 2015-07-30 | Número 20 | Bg 1229 | GIRONA15070230 | 2015-07-30 | 2015-07-30 | Monografies | Memòria bibliogràfica | |||||
| CPC Girona | CPC Girona | 2015-07-30 | Número 21 | Bg 1230 | GIRONA15070231 | 2015-07-30 | 2015-07-30 | Monografies | Índex | |||||
| CPC Girona | CPC Girona | 2015-07-30 | Número 22 | Bg 1231 | GIRONA15070232 | 2015-07-30 | 2015-07-30 | Monografies | Any 2000 | |||||
| CPC Girona | CPC Girona | 2015-07-30 | Número 22 | Bg 1232 | GIRONA15070233 | 2015-07-30 | 2015-07-30 | Monografies | Any 2000 | |||||
| CPC Girona | CPC Girona | 2015-07-30 | Número 23 | Bg 1233 | GIRONA15070234 | 2015-07-30 | 2015-07-30 | Monografies | Any 2001 | |||||
| CPC Girona | CPC Girona | 2015-07-30 | Número 24 | Bg 1234 | GIRONA15070235 | 2015-07-30 | 2015-07-30 | Monografies | Any 2002 | |||||
| CPC Girona | CPC Girona | 2015-07-30 | Número 25 | Bg 1235 | GIRONA15070236 | 2015-07-30 | 2015-07-30 | Monografies | Any 2003 | |||||
| CPC Girona | CPC Girona | 2015-07-30 | Número 26 | Bg 1236 | GIRONA15070237 | 2015-07-30 | 2015-07-30 | Monografies | Any 2004 | |||||
| CPC Girona | CPC Girona | 2015-07-30 | Número 27 | Bg 1237 | GIRONA15070238 | 2015-07-30 | 2015-07-30 | Monografies | Any 2005 | |||||
| CPC Girona | CPC Girona | 2015-07-30 | Número 27 | Bg 1238 | GIRONA15070239 | 2015-07-30 | 2015-07-30 | Monografies | Any 2005 | |||||
| CPC Girona | CPC Girona | 2015-07-30 | Número 28 | Bg 1239 | GIRONA15070240 | 2015-07-30 | 2015-07-30 | Monografies | Any 2006 | |||||
| CPC Girona | CPC Girona | 2015-07-30 | Número 28 | Bg 1240 | GIRONA15070241 | 2015-07-30 | 2015-07-30 | Monografies | Any 2006 | |||||
| CPC Girona | CPC Girona | 2015-07-30 | Número 29 | Bg 1241 | GIRONA15070242 | 2015-07-30 | 2015-07-30 | Monografies | Any 2007 | |||||
| CPC Girona | CPC Girona | 2015-07-30 | Número 30 | Bg 1242 | GIRONA15070243 | 2015-07-30 | 2015-07-30 | Monografies | Any 2008 | |||||
| CPC Girona | CPC Girona | 2015-07-30 | Número 30 | Bg 1243 | GIRONA15070244 | 2015-07-30 | 2015-07-30 | Monografies | Any 2008 |